Angielski aktywnie! : trening na 200 sposobów ; ćwieczenia, łamigłówki, krzyżówki /
Đã lưu trong:
| Tác giả chính: | |
|---|---|
| Tác giả khác: | , |
| Định dạng: | Bộ dụng cụ |
| Ngôn ngữ: | Tiếng Ba Lan |
| Được phát hành: |
Warszawa :
Edgard,
2017.
|
| Phiên bản: | Wyd. 2. |
| Những chủ đề: | |
| Các nhãn: |
Không có thẻ, Là người đầu tiên thẻ bản ghi này!
|
MARC
| LEADER | 0000000c#a2200000#i#4500 | ||
|---|---|---|---|
| 001 | 9912766275305606 | ||
| 005 | 20260515100513.0 | ||
| 006 | a | ||
| 008 | 171208p20172017pl |||| | PL | ||
| 009 | b0000360108430 | ||
| 020 | |a 9788377889671 | ||
| 035 | |a ZAM_1265602-48omnis_zam | ||
| 035 | |a 265602 | ||
| 035 | |a (PL)b0000360108430 | ||
| 040 | |a ZAM W |c ZAM W | ||
| 041 | |a pol | ||
| 080 | |a 821.111`36(07) | ||
| 100 | 1 | |a Szyke, Joanna | |
| 245 | 1 | 0 | |a Angielski aktywnie! : |b trening na 200 sposobów ; ćwieczenia, łamigłówki, krzyżówki / |c Joanna Szyke, Anna Kamont ; red. Joanna Gonsior i in.. |
| 250 | |a Wyd. 2. | ||
| 260 | |a Warszawa : |b Edgard, |c 2017. | ||
| 300 | |a 199 s. : |b fot. il. ; |c 23 cm. | ||
| 500 | |a Poziom A2-B1. | ||
| 650 | 4 | |a Język angielski | |
| 700 | 1 | |a Kamont, Anna | |
| 700 | 1 | |a Gonsior, Joanna |e Redakcja | |
| 942 | |2 ddc |c BK |n 0 | ||
| 952 | |0 0 |1 0 |2 ddc |4 0 |6 W__5_000000000000000 |7 0 |9 7 |a WRO |b WRO |d 2026-04-10 |e da |g 10.00 |i WRO-005 |l 0 |o W.5 |p 2000100000052 |r 2026-04-10 20:26:00 |v 10.00 |w 2026-04-10 |y BK | ||
| 999 | |c 7 |d 7 | ||